000 00357nam a2200145Ia 4500
008 191201s2002 xx 000 0 und d
082 _a005.133
_bCII
100 _aCisterms School of Computing, Jaipur
245 0 _aInternet: An Introduction
250 _a7th
260 _aN.Delhi
_bTMH
_c2002
300 _a129
650 _aB.Tech(CSE)
942 _2ddc
_cBK
999 _c1433
_d1433